Pirates Aren't Scared of the Dark! / (Record no. 49371)
| 000 -LEADER | |
|---|---|
| fixed length control field | 01072nam a2200157 4500 |
| 020 ## - INTERNATIONAL STANDARD BOOK NUMBER | |
| International Standard Book Number | 9781848959002 |
| 100 ## - MAIN ENTRY--PERSONAL NAME | |
| Personal name | Powell-Tuck, Maudie, |
| Relator term | author. |
| 9 (RLIN) | 86581 |
| 245 ## - TITLE STATEMENT | |
| Title | Pirates Aren't Scared of the Dark! / |
| Remainder of title | by Maudie Powell-Tuck, Illustrated by Alison Edgson. |
| 260 ## - PUBLICATION, DISTRIBUTION, ETC. (IMPRINT) | |
| Place of publication, distribution, etc | London : |
| Name of publisher, distributor, etc | Little Tiger Press ; |
| Date of publication, distribution, etc | 2014. |
| 300 ## - PHYSICAL DESCRIPTION | |
| Extent | 32 pages. |
| Dimensions | 25 x 0.8 x 28.6 cm. |
| 500 ## - GENERAL NOTE | |
| General note | Freddie's sleeping outside in his amazing pirate tent. "No fairies allowed!" he yells when his pesky little sister, Poppy, tries to join him. But when Freddie's torch goes out, and there's a rustle-rustle-rustle in the dark, he doesn’t feel quite so brave after all...<br/><br/>With gorgeous illustrations from Alison Edgson (Me and My Dad! and I Want My Mummy!), this wonderfully warm, sibling story has a fantastic tongue-in-cheek twist. A children’s book celebrating how both boys and girls can be interested in fairies and pirates. |
| 650 ## - SUBJECT ADDED ENTRY--TOPICAL TERM | |
| 9 (RLIN) | 45340 |
| Topical term or geographic name as entry element | Pirates |
| Form subdivision | Juvenile fiction. |
| 650 ## - SUBJECT ADDED ENTRY--TOPICAL TERM | |
| 9 (RLIN) | 56682 |
| Topical term or geographic name as entry element | Bedtime |
| Form subdivision | Juvenile fiction. |
| 650 ## - SUBJECT ADDED ENTRY--TOPICAL TERM | |
| 9 (RLIN) | 16852 |
| Topical term or geographic name as entry element | Fear of the dark |
| General subdivision | Fiction. |
| 942 ## - ADDED ENTRY ELEMENTS (KOHA) | |
| Source of classification or shelving scheme | |
| Koha item type | Book |
| Withdrawn status | Lost status | Source of classification or shelving scheme | Damaged status | Not for loan | Home library | Current library | Date acquired | Total Checkouts | Full call number | Barcode | Date last seen | Price effective from | Koha item type |
|---|---|---|---|---|---|---|---|---|---|---|---|---|---|
| Logos International School | Logos International School | 08/20/2025 | E POW | 042876 | 08/22/2025 | 08/20/2025 | Book |